Catalog

Record Details

Catalog Search



Study soils  Cover Image Book Book

Study soils / by Christine Petersen.

Summary:

"Study Soils introduces readers to what makes up soil, from humus and plants and animals to water and air. Learn how weathering, erosion, parent material, decay, bacteria, organic matter, climate, and time contribute to soil formation. A geology-themed project provides the opportunity for hands-on experience." -- Description provided by publisher.

Record details

  • ISBN: 9781532191756
  • ISBN: 1532191758
  • Physical Description: 32 pages : color illustrations ; 21 x 21 cm.
  • Publisher: Minneapolis, Minnesota : Abdo Publishing, 2020.

Content descriptions

General Note:
Includes index.
Subject: Geology > Juvenile literature.
Soil mineralogy > Juvenile literature.
Soil biodiversity > Juvenile literature.
Soil science > Juvenile literature.

Available copies

  • 1 of 1 copy available at scottsboropl.

Holds

  • 0 current holds with 1 total copy.
Show Only Available Copies
Location Call Number / Copy Notes Barcode Shelving Location Status Due Date
scottsboropl J 631.4 Pet 32269001145567 Juvenile - NonFiction Available -

LDR 01523nam a2200337Ii 4500
001153634
003CONS
00520200221074227.0
008200116s2019 xx a j 000 0 eng d
010 . ‡a 2019943203
020 . ‡a9781532191756 ‡q(hardcover)
020 . ‡a1532191758 ‡q(hardcover)
035 . ‡a(CPomAG)LMN616157
08200. ‡a631.4 ‡223
1001 . ‡aPetersen, Christine, ‡eauthor.
24510. ‡aStudy soils / ‡cby Christine Petersen.
264 1. ‡aMinneapolis, Minnesota : ‡bAbdo Publishing, ‡c2020.
300 . ‡a32 pages : ‡bcolor illustrations ; ‡c21 x 21 cm.
336 . ‡atext ‡btxt ‡2rdacontent
336 . ‡astill image ‡bsti ‡2rdacontent
337 . ‡aunmediated ‡bn ‡2rdamedia
338 . ‡avolume ‡bnc ‡2rdacarrier
500 . ‡aIncludes index.
520 . ‡a"Study Soils introduces readers to what makes up soil, from humus and plants and animals to water and air. Learn how weathering, erosion, parent material, decay, bacteria, organic matter, climate, and time contribute to soil formation. A geology-themed project provides the opportunity for hands-on experience." -- ‡cDescription provided by publisher.
650 0. ‡aGeology ‡vJuvenile literature.
650 0. ‡aSoil mineralogy ‡vJuvenile literature.
650 0. ‡aSoil biodiversity ‡vJuvenile literature.
650 0. ‡aSoil science ‡vJuvenile literature.
914 . ‡aSCP_LP
959 . ‡i32269001145567 ‡lJ 631.4 Pet ‡aJuvenile - NonFiction ‡tHardback ‡g30.00
852 . ‡p32269001145567 ‡jJ 631.4 Pet ‡gJuvenile - NonFiction ‡cHardback ‡y30.00 ‡bSBPL
901 . ‡a153634 ‡bUnknown ‡c153634 ‡tbiblio

Additional Resources